000 00395nam a2200169Ia 4500
001 13123
005 20260306163030.0
008 260306t9999||||xx |||||||||||||| ||spa||
041 _aESP
082 _aRM 370
_b2008 ICPNA
110 _aInsttituo Cultural Peruano Norteamericano
245 0 _a70 Aniversario
300 _a
_c
650 _aGEN
654 _aCED
942 _cLIB
_dJUS
_fJUS
_2ddc
_n
999 _c13123
_d13123